Mixed Word: Johnny Depp Movies Quiz Stats

 Plays Quiz Updated Apr 6, 2012

Support Sporcle.
Go Orange.
Score 0/20 Timer 03:00
0 Plays Today
Scrambled Unscrambled % Correct
RMOF LELHFROM HELL
92.2%
EHT RMU YDRAITHE RUM DIARY
86.9%
ETH VEARBTHE BRAVE
85.2%
EDDA NMADEAD MAN
83.1%
EYBNN DAN NOJOBENNY AND JOON
74.8%
A ARNEIGMTH NO LME ERTSTEA NIGHTMARE ON ELM STREET
71.7%
TEIPRSA OF HTE ANREACIBBPIRATES OF THE CARIBBEAN
71.1%
EIALC IN ODDWENRNALALICE IN WONDERLAND
70.5%
RSOCPE IEBDRCORPSE BRIDE
62.8%
HET HNTNI GETATHE NINTH GATE
62.6%
Scrambled Unscrambled % Correct
LACTHOOCCHOCOLAT
60.8%
LYEPSE LOOLWHSLEEPY HOLLOW
58%
DRADWE CSOASSINDSRHEDWARD SCISSORHANDS
55.7%
ETH SNTRAOSTUA EWFITHE ASTRONAUT'S WIFE
49.3%
CETESR OWDIWNSECRET WINDOW
48.2%
GNIIDNF RADNNLEEVFINDING NEVERLAND
48%
OTNPLOAPLATOON
47.7%
ETH TRSOITUTHE TOURIST
37.4%
NOGRARANGO
36.4%
BCIUPL EEEINMSPUBLIC ENEMIES
34.5%

You're not logged in!

Compare scores with friends on all Sporcle quizzes.
OR
Log In
Forgot?

From the Vault

Code Cracker! VI

by hockeystix3

It's about time that we had a secret code on Sporcle.
Remove Ads.
Support Sporcle.
Get the best of Sporcle when you Go Orange. This ad-free experience offers more features, more stats, and more fun while also helping to support Sporcle. Thank you for becoming a member.

Show Comments

Extras

Top Quizzes Today


Score Distribution

Your Account Isn't Verified!

In order to create a playlist on Sporcle, you need to verify the email address you used during registration. Go to your Sporcle Settings to finish the process.

Report this User

Report this user for behavior that violates our Community Guidelines.

Details: